មាយើង / (Record no. 6496)

MARC details
000 -LEADER
fixed length control field 01283nam a22002297a 4500
001 - CONTROL NUMBER
control field 6496
003 - CONTROL NUMBER IDENTIFIER
control field FISKH
005 - DATE AND TIME OF LATEST TRANSACTION
control field 20250528091501.0
008 - FIXED-LENGTH DATA ELEMENTS--GENERAL INFORMATION
fixed length control field 250506b cb ||||| |||| 00| 0 eng d
040 ## - CATALOGING SOURCE
Original cataloging agency FISKH
Language of cataloging khr
Transcribing agency FISKH
Modifying agency FISKH
082 ## - DEWEY DECIMAL CLASSIFICATION NUMBER
Classification number 895.932102
100 ## - MAIN ENTRY--PERSONAL NAME
Personal name Anonymous
245 ## - TITLE STATEMENT
Title មាយើង /
Statement of responsibility, etc. By Anonymous
260 ## - PUBLICATION, DISTRIBUTION, ETC.
Place of publication, distribution, etc. Phnom Penh :
Date of publication, distribution, etc. 2004.
300 ## - PHYSICAL DESCRIPTION
Extent 47 pages :
Other physical details illustrations ;
Dimensions 21 cm .
520 ## - SUMMARY, ETC.
Summary, etc. រឿងនេះបង្ហាញពីតម្លៃនៃស្ត្រីខ្មែរ និងការបង្ហាញពីភាពស្មោះស្ម័គ្រនិងការប្រឹងប្រែងក្នុងជីវិត។ វាក៏បង្ហាញពីការប្រកួតប្រជែងក្នុងសង្គម និងការប្រែប្រួលក្នុងទំនាក់ទំនងគ្រួសារ។<br/>
521 8# - TARGET AUDIENCE NOTE
Target audience note This story highlights the values of Khmer women and illustrates loyalty and perseverance in life. It also portrays social competition and changes in family relationships.
650 ## - SUBJECT ADDED ENTRY--TOPICAL TERM
Topical term or geographic name entry element មាយើង
Form subdivision អក្សរសិល្ប៍ខ្មែរ
650 ## - SUBJECT ADDED ENTRY--TOPICAL TERM
Topical term or geographic name entry element Mea yerng
Form subdivision Khmer literature
942 ## - ADDED ENTRY ELEMENTS (KOHA)
Source of classification or shelving scheme Dewey Decimal Classification
Koha item type Khmer Books
Suppress in OPAC No
Holdings
Withdrawn status Lost status Source of classification or shelving scheme Damaged status Not for loan Collection Home library Current library Shelving location Date acquired Total Checkouts Full call number Barcode Date last seen Copy number Price effective from Koha item type Date last checked out
    Dewey Decimal Classification     Khmer Language Books / សៀវភៅភាសាខ្មែរ Footprints International School Library Network Toul Tom Poung Campus Footprints International School Library Network Toul Tom Poung Campus TTP Secondary Khmer Bookshelves 05/06/2025   ANO 895.932102 FISSE01654 05/06/2025 1 05/06/2025 Khmer Books  
    Dewey Decimal Classification     Khmer Language Books / សៀវភៅភាសាខ្មែរ Footprints International School Library Network Toul Tom Poung Campus Footprints International School Library Network Toul Tom Poung Campus TTP Secondary Khmer Bookshelves 05/06/2025   ANO 895.932102 FISSE02120 05/06/2025 2 05/06/2025 Khmer Books  
    Dewey Decimal Classification     Khmer Language Books / សៀវភៅភាសាខ្មែរ Footprints International School Library Network Toul Tom Poung Campus Footprints International School Library Network Toul Tom Poung Campus TTP Secondary Khmer Bookshelves 05/06/2025   ANO 895.932102 2025-1191 05/06/2025 3 05/06/2025 Khmer Books  
    Dewey Decimal Classification     Khmer Language Books / សៀវភៅភាសាខ្មែរ Footprints International School Library Network Toul Tom Poung Campus Footprints International School Library Network Toul Tom Poung Campus TTP Primary Khmer Bookshelves 05/06/2025   ANO 895.932102 FISSE02063 05/06/2025 4 05/06/2025 Khmer Books  
    Dewey Decimal Classification     Khmer Language Books / សៀវភៅភាសាខ្មែរ Footprints International School Library Network Toul Tom Poung Campus Footprints International School Library Network Toul Tom Poung Campus TTP Primary Khmer Bookshelves 05/06/2025 1 ANO 895.932102 FISSE01737 02/02/2026 5 05/06/2025 Khmer Books 01/05/2026